Southville International School and Colleges
Your cart is empty.
  • Cart
  • Lists
    Public lists Eva Luna New books Lux_list list_1
    Your lists Log in to create your own lists
  • Log in to your account
  • Your cookies
  • Search history
Southville International School and Colleges
  • Advanced search
  • Recent comments
  • Most popular
  • Libraries

Log in to your account

Log in with GOOGLE


If you do not have an external account, but do have a local account, you can still log in:

  1. Home
  2. MARC view: Introduction to psychology :
Normal view MARC view ISBD view

Introduction to psychology : (Record no. 291118)

[ view plain ]
MARC details
000 -LEADER
fixed length control field 00677nam a2200253Ia 4500
008 - FIXED-LENGTH DATA ELEMENTS--GENERAL INFORMATION
fixed length control field 160303s9999 xx 000 0 und d
020 ## - INTERNATIONAL STANDARD BOOK NUMBER
International Standard Book Number 971-23-3827-4
050 ## - LIBRARY OF CONGRESS CALL NUMBER
Classification number FIL BF 121
050 ## - LIBRARY OF CONGRESS CALL NUMBER
Item number .A74 2004
100 ## - MAIN ENTRY--PERSONAL NAME
Personal name Arenas, Aggie Cason-
245 ## - TITLE STATEMENT
Title Introduction to psychology :
245 ## - TITLE STATEMENT
Remainder of title understanding human behavior /
245 ## - TITLE STATEMENT
Statement of responsibility, etc Aggie Cason-Arenas.
260 ## - PUBLICATION, DISTRIBUTION, ETC. (IMPRINT)
Place of publication, distribution, etc Manila:
260 ## - PUBLICATION, DISTRIBUTION, ETC. (IMPRINT)
Name of publisher, distributor, etc Rex Book Store, Inc.,
260 ## - PUBLICATION, DISTRIBUTION, ETC. (IMPRINT)
Date of publication, distribution, etc 2004
300 ## - PHYSICAL DESCRIPTION
Extent 423 pages :
300 ## - PHYSICAL DESCRIPTION
Other physical details illustrations ;
300 ## - PHYSICAL DESCRIPTION
Dimensions 25cm.
500 ## - GENERAL NOTE
General note Includes bibliographical references and index.
650 ## - SUBJECT ADDED ENTRY--TOPICAL TERM
Topical term or geographic name as entry element Human behavior.
650 ## - SUBJECT ADDED ENTRY--TOPICAL TERM
Topical term or geographic name as entry element Psychology --
650 ## - SUBJECT ADDED ENTRY--TOPICAL TERM
General subdivision Textbooks.
Holdings
Withdrawn status Lost status Damaged status Home library Current library Shelving location Date acquired Total Checkouts Full call number Barcode Date last seen Price effective from Koha item type
      South Mansfield College South Mansfield College Filipiniana Section 06/02/2005   FIL BF 121 .A74 2004 SMC02684 03/03/2016 03/03/2016  

Introduction to psychology :

APA

Arenas A. C., .Introduction to psychology. Manila: .

Chicago

Arenas Aggie Cason, .Introduction to psychology. Manila: .

Harvard

Arenas A. C., .Introduction to psychology. Manila: .

MLA

Arenas Aggie Cason, .Manila: . .

  • Place hold
  • Print
  • Cite
  • Add to your cart (remove)
  • Save record
    BIBTEX Dublin Core MARCXML MARC (non-Unicode/MARC-8) MARC (Unicode/UTF-8) MARC (Unicode/UTF-8, Standard) MODS (XML) RIS
  • More searches
    Search for this title in:
    Other Libraries (WorldCat) Other Databases (Google Scholar) Online Stores (Bookfinder.com) Open Library (openlibrary.org)

Exporting to Dublin Core...

SOUTHVILLE LIBRARY

Southville International School and Colleges Library

1281 Tropical Ave. Cor. Luxembourg St., BF Homes International, Las Pinas City

Tel. No. 8256374 / 252358 Loc. 117/146

Powered by Koha